| 000 | 00873cam a22002055a 4500 | ||
|---|---|---|---|
| 001 | L140792 | ||
| 008 | 071011s1904 xxk eng u | ||
| 035 | _a(Sirsi) u140792 | ||
| 041 | 0 | _aeng | |
| 110 | 2 |
_aProtheroe and Morris _95384 |
|
| 245 | 0 | 0 | _aBayview Estate, Whitstable-on-Sea...Messrs. Protheroe and Morris will offer for sale by auction in a marquee on the Estate on Tuesday September 27th 1904 at 2.30 p.m., 86 choice plots of freehold building land... |
| 260 |
_aS.l. _bs.n. _c[1904] |
||
| 300 |
_a[6] p. _c28 cm. _e+1 sheet (15 x 21 cm.) |
||
| 340 | _aPrinted | ||
| 351 | _cSingle item | ||
| 500 | _aItem is accompanied by an inter-office note dated 5 September 1973 to the Acting Librarian regarding the donation of the item. | ||
| 651 | 4 | _aKent | |
| 690 | _aPROPERTY-PROPERTY ACQUISITION AND DISPOSAL-ACQUISITION AND DISPOSAL AT AUCTION | ||
| 942 | _n0 | ||
| 999 |
_c116486 _d116486 |
||